00211nam a2200097Ia 4500100002000000654001200020245002700032260003200059082001000091546001200101 aSchwartz/ M.M.  amanuals aMetals joining manuals bMcGraw HillaNew Yorkc1979 a671.5 aENGLISH